Effect of the Mechanical Strain on the Treeing Phenomenon; IEEE International Conference on Solid Dielectrics ICSD '07 (Winchester, United Kingdom, 8-13 July 2007)

Detalles Bibliográficos
Parent link:IEEE International Conference on Solid Dielectrics ICSD '07 (Winchester, United Kingdom, 8-13 July 2007).— 2007.— P. 142 - 145
Outros autores: Gefle O. S., Lebedev S. M., Volokhin V. A., Pokholkov Y. P. Yuri Petrovich
Summary:The influence of the mechanical strain on the tree inception and growth in polymeric dielectrics such as polymethyl methacrylate, polystyrene and polycarbonate was studied in this work. The tree inception and growth process in transparent dielectrics was monitored by the optical method in white and polarized light in the divergent field under AC voltage. It has been found that the tree-inception time and the tree-growth time are dependent on a residual mechanical strain in the vicinity of the needle tip and in the sample volume. The tree inception-time may be increased by means of the control of the mechanical strain in the vicinity of the needle tip. Not only the tree-inception and growth time but also the tree shape depends on residual mechanical strain
В фонде НТБ ТПУ отсутствует
Idioma:inglés
Publicado: 2007
Subjects:
Formato: Capítulo de libro
KOHA link:https://koha.lib.tpu.ru/cgi-bin/koha/opac-detail.pl?biblionumber=595552

MARC

LEADER 00000naa0a2200000 4500
001 595552
005 20250307104124.0
035 |a (RuTPU)RU\TPU\tpu\16858 
090 |a 595552 
100 |a 20091126d2007 k||y0rusy50 ba 
101 0 |a eng 
200 1 |a Effect of the Mechanical Strain on the Treeing Phenomenon  |f O. S. Gefle [et al.] 
330 |a The influence of the mechanical strain on the tree inception and growth in polymeric dielectrics such as polymethyl methacrylate, polystyrene and polycarbonate was studied in this work. The tree inception and growth process in transparent dielectrics was monitored by the optical method in white and polarized light in the divergent field under AC voltage. It has been found that the tree-inception time and the tree-growth time are dependent on a residual mechanical strain in the vicinity of the needle tip and in the sample volume. The tree inception-time may be increased by means of the control of the mechanical strain in the vicinity of the needle tip. Not only the tree-inception and growth time but also the tree shape depends on residual mechanical strain 
333 |a В фонде НТБ ТПУ отсутствует 
463 |t IEEE International Conference on Solid Dielectrics ICSD '07 (Winchester, United Kingdom, 8-13 July 2007)  |v P. 142 - 145   |d 2007 
610 1 |a труды учёных ТПУ 
701 1 |a Gefle  |b O. S. 
701 1 |a Lebedev  |b S. M. 
701 1 |a Volokhin  |b V. A. 
701 1 |a Pokholkov  |b Y. P.  |c Russian physicist, electrical engineer, doctor of engineering  |c Rector of the TPU (1990 - 2008), professor  |f 1939-  |g Yuri Petrovich  |3 (RuTPU)RU\TPU\pers\24842 
801 1 |a RU  |b 63413507  |c 20091126 
801 2 |a RU  |b 63413507  |c 20091126  |g RCR 
942 |c BK